[Event "TCh-NED Playoffs 2005-6"]
[Site "Enschede NED"]
[Date "2006.05.13"]
[Round "1"]
[White "Van Harreveld,F"]
[Black "De Vreugt,D"]
[Result "0-1"]
[WhiteElo "2262"]
[BlackElo "2429"]
[EventDate "2006.05.13"]

1. d4 d5 2. Nf3 c6 3. Bf4 Nf6 4. e3 Qb6 5. Bd3 Qxb2 6. Nbd2 Qa3 7. Qe2 Bg4
8. O-O Nbd7 9. h3 Bxf3 10. Nxf3 e6 11. Rab1 b5 12. e4 Rc8 13. Bd2 dxe4 14.
Bxe4 Nxe4 15. Qxe4 Be7 16. Rb3 Qxa2 17. Bc3 Nf6 18. Qd3 Qa6 19. Ra1 Qb7 20.
Bd2 O-O 21. Ne5 Nd7 22. Ng4 a6 23. Qg3 Kh8 24. Rf3 f5 25. Ne5 Bf6 26. Nxd7
Qxd7 27. Rxa6 Qxd4 28. Rd3 Qc4 29. Ra7 Ra8 30. Rb7 Qxc2 31. Bc3 f4 32. Qf3
e5 33. Rdd7 Qg6 34. Qxc6 Rac8 35. Rbc7 Rxc7 36. Rxc7 e4 37. Bxf6 Qxf6 38.
Qxe4 Qd6 39. Rc1 b4 40. Re1 h6 41. f3 Rb8 42. Rb1 b3 43. Qc4 b2 44. Qc2
Qd4+ 45. Kh2 Qe5 46. Qd2 Kg8 47. Kh1 Kf7 48. Kh2 Kf6 49. Kh1 h5 50. Qc2 g6
51. Qc6+ Kg5 52. Qc2 Qd4 53. Qe2 Kf6 54. Qc2 Rb6 55. Kh2 Qe5 56. Qf2 Rb8
57. Qc2 Kg7 58. Qd2 Rb7 59. Qc2 g5 60. Kh1 Rb8 61. Qf2 g4 62. fxg4 hxg4 63.
hxg4 Qe3 64. Kg1 Qxf2+ 65. Kxf2 Rb3 0-1

[Event "TCh-NED Playoffs 2005-6"]
[Site "Enschede NED"]
[Date "2006.05.13"]
[Round "1"]
[White "Sokolov,Iv"]
[Black "Baramidze,D"]
[Result "1/2-1/2"]
[WhiteElo "2676"]
[BlackElo "2545"]
[EventDate "2006.05.13"]

1. d4 Nf6 2. c4 g6 3. Nc3 d5 4. cxd5 Nxd5 5. e4 Nxc3 6. bxc3 c5 7. Bb5+ Bd7
8. Bxd7+ Nxd7 9. Nf3 Bg7 10. O-O O-O 11. Rb1 Qc7 12. Bg5 e6 13. Qd2 Nb6 14.
h4 Rac8 15. d5 Qd7 16. Rfd1 exd5 17. exd5 Rfe8 18. d6 Na4 19. Rbc1 c4 20.
h5 Nc5 21. h6 Bf8 22. Qd4 Nd3 23. Rb1 b5 24. Be7 Bxh6 25. Qh4 Bg7 26. Ng5
h6 27. Ne4 a6 28. a4 Rb8 29. axb5 axb5 30. Nf6+ Bxf6 31. Qxf6 Rb7 32. Rd2
Qg4 33. Rbd1 Qe4 34. Ra2 Nf4 35. f3 Qe3+ 36. Kh2 Nd3 37. Rdd2 Qc5 38. Re2
Qh5+ 39. Kg1 Qc5+ 40. Kh2 Qh5+ 41. Kg1 Qc5+ 42. Kh2 1/2-1/2

[Event "TCh-NED Playoffs 2005-6"]
[Site "Enschede NED"]
[Date "2006.05.13"]
[Round "1"]
[White "Werle,J"]
[Black "Gurevich,M"]
[Result "0-1"]
[WhiteElo "2529"]
[BlackElo "2643"]
[EventDate "2006.05.13"]

1. Nf3 d5 2. d4 Nf6 3. c4 c6 4. Nc3 e6 5. Bg5 Nbd7 6. e3 Be7 7. Qc2 O-O 8.
Rd1 Kh8 9. a3 Ne8 10. Bf4 f5 11. Bd3 Nd6 12. Ne5 Qe8 13. c5 Nf7 14. Nxd7
Bxd7 15. Bg3 Bf6 16. O-O g6 17. f4 Rg8 18. b4 Qe7 19. Kh1 h6 20. b5 b6 21.
bxc6 Bxc6 22. Ne2 Rgc8 23. Rb1 bxc5 24. dxc5 e5 25. fxe5 Nxe5 26. Ba6 Ng4
27. Bd6 Qe8 28. Bxc8 Rxc8 29. Nd4 Ba4 30. Qd3 Qxe3 31. Qa6 Rg8 32. Nf3 Bc2
33. Rbe1 Bd3 34. Qc6 Nf2+ 35. Rxf2 Qxf2 36. Bg3 Qb2 37. Be5 Bxe5 38. Nxe5
Be4 39. Nf3 Qxa3 40. Qf6+ Kh7 41. c6 Rg7 42. Ra1 Qc5 43. Ne5 f4 44. Qxf4
Qd6 45. Rd1 Bf5 46. Qd4 Re7 47. Nf3 Qxc6 48. Qxd5 Qxd5 49. Rxd5 Kg7 50. Ra5
Bc8 51. Kg1 a6 52. Kf2 Rc7 53. Nd4 Kf6 54. Ke3 Bb7 55. g3 Re7+ 56. Kd3 Re5
57. Ra2 Ke7 58. Rb2 Be4+ 59. Kc4 Bd5+ 60. Kd3 Kd6 61. Ne2 Bc6 62. Nc3 a5
63. Kc4 Rc5+ 64. Kd4 Rg5 65. Ra2 Kc7 66. Re2 Kd6 67. Ra2 Re5 68. Ra1 Rg5
69. Kd3 a4 70. Ra2 Rg4 71. Ra1 Rb4 72. Rf1 Kc5 73. Rf6 Rb6 74. Rf4 Ra6 75.
Rc4+ Kd6 76. Rh4 h5 77. g4 Ra5 78. gxh5 gxh5 79. Rf4 Ke5 80. Rf2 Bd7 81.
Kc4 Ra8 82. Rd2 Be6+ 83. Kb4 a3 84. Rd1 Rb8+ 85. Kc5 Rc8+ 86. Kb4 a2 87.
Re1+ Kf5 88. Ne2 Bg8 89. Ka3 Rb8 90. Nd4+ Kf4 91. Rf1+ Ke4 92. Ne2 Ke3 0-1

[Event "TCh-NED Playoffs 2005-6"]
[Site "Enschede NED"]
[Date "2006.05.13"]
[Round "1"]
[White "Jonkman,H"]
[Black "Van den Doel,E"]
[Result "0-1"]
[WhiteElo "2454"]
[BlackElo "2579"]
[EventDate "2006.05.13"]

1. e4 e5 2. Nf3 Nc6 3. Bc4 Bc5 4. c3 Nf6 5. d3 a6 6. Bb3 O-O 7. O-O d5 8.
exd5 Nxd5 9. Nxe5 Nxe5 10. d4 Bg4 11. Qd2 Ng6 12. dxc5 Ndf4 13. f3 Bd7 14.
g3 Nh3+ 15. Kg2 Re8 16. c6 bxc6 17. Re1 Nh4+ 18. gxh4 Qxh4 19. Rf1 Rad8 20.
Kh1 Bf5 21. Qg2 Bd3 22. Nd2 Bxf1 23. Nxf1 Re1 24. Bh6 Rxf1+ 25. Qxf1 Qxh6
26. Re1 Qh4 27. Re3 g6 28. Qc4 Rd1+ 0-1

[Event "TCh-NED Playoffs 2005-6"]
[Site "Enschede NED"]
[Date "2006.05.13"]
[Round "1"]
[White "Lautier,J"]
[Black "Ligterink,G"]
[Result "0-1"]
[WhiteElo "2682"]
[BlackElo "2418"]
[EventDate "2006.05.13"]

1. d4 Nf6 2. c4 e6 3. Nf3 b6 4. g3 Ba6 5. Qb3 c5 6. d5 exd5 7. cxd5 g6 8.
Bg2 d6 9. O-O Bg7 10. Qe3+ Qe7 11. Qxe7+ Kxe7 12. Nc3 Nbd7 13. a4 Ne8 14.
Bg5+ Bf6 15. Bf4 Rd8 16. Ra3 Ne5 17. Bxe5 Bxe5 18. Nxe5 dxe5 19. Nb5 Bxb5
20. axb5 Nd6 21. Rxa7+ Rd7 22. Ra4 Nxb5 23. f4 exf4 24. Re4+ Kd8 25. Rexf4
f5 26. Ra4 Kc7 27. e4 fxe4 28. Bxe4 Re8 29. Bd3 Nd6 30. Rf6 Re5 31. Ra7+
Kd8 32. Rf8+ Ke7 33. Rxd7+ Kxd7 34. Rh8 Re7 35. Bf1 c4 36. Bh3+ Kc7 37. Be6
b5 38. Kf1 Kb6 39. Ke2 Kc5 40. Kd2 Kd4 41. Rb8 Rb7 42. Ra8 b4 43. Kc1 b3
44. g4 c3 45. Ra4+ Kd3 46. Ra6 c2 47. Rc6 Kd4 48. Rxd6 Ra7 49. Kd2 Ra1 50.
Rc6 Rd1+ 51. Ke2 c1=Q 52. Rxc1 Rxc1 53. d6 Rc6 54. Bxb3 Rxd6 55. Kf3 Ke5
56. Ke3 g5 57. Bf7 Rh6 58. Bh5 Rb6 0-1

[Event "TCh-NED Playoffs 2005-6"]
[Site "Enschede NED"]
[Date "2006.05.13"]
[Round "1"]
[White "Brandenburg,D"]
[Black "Feygin,M"]
[Result "0-1"]
[WhiteElo "2376"]
[BlackElo "2482"]
[EventDate "2006.05.13"]

1. e4 e6 2. d4 d5 3. Nd2 Nf6 4. e5 Nfd7 5. Bd3 c5 6. c3 Nc6 7. Ne2 cxd4 8.
cxd4 a5 9. O-O a4 10. f4 Nb6 11. f5 exf5 12. Bxf5 Bxf5 13. Rxf5 Qd7 14. Rf2
Be7 15. b3 O-O 16. Bb2 Ra6 17. Nf3 Na8 18. Nc3 axb3 19. axb3 Rxa1 20. Qxa1
Nc7 21. Ba3 Ra8 22. Ra2 h6 23. Na4 Qd8 24. Nc5 Bxc5 25. Bxc5 Rxa2 26. Qxa2
Ne6 27. b4 b6 28. Qa6 bxc5 29. Qxc6 cxb4 30. Qb5 Qe7 31. g3 g5 32. h3 Kg7
33. Kf2 Qc7 34. Qxb4 Qc2+ 35. Kf1 h5 36. Qe7 Qd1+ 37. Kf2 g4 38. Qf6+ Kg8
39. hxg4 hxg4 40. Nh4 Qxd4+ 41. Kf1 Qd1+ 42. Kf2 Qd2+ 43. Kf1 Ng5 44. e6
fxe6 45. Qg6+ Kf8 46. Qh6+ Ke8 47. Qh5+ Kd7 48. Qxg4 Ne4 49. Qf4 Qd3+ 50.
Kg2 Qe2+ 51. Kg1 Kc6 52. Ng6 Qd1+ 53. Kg2 Qd2+ 54. Kg1 Qxf4 55. gxf4 Kc5
56. Nf8 Kd6 57. Ng6 d4 58. Kf1 Kd5 59. Ke2 Kc4 60. Kf3 d3 61. Kxe4 d2 62.
Ke5 d1=Q 63. Kxe6 Qd5+ 64. Kf6 Kd4 65. f5 Ke4 66. Ne7 Qd6+ 67. Kf7 Ke5 0-1

[Event "TCh-NED Playoffs 2005-6"]
[Site "Enschede NED"]
[Date "2006.05.13"]
[Round "1"]
[White "Bosboom Lanchava,T"]
[Black "Chuchelov,V"]
[Result "0-1"]
[WhiteElo "2380"]
[BlackElo "2538"]
[EventDate "2006.05.13"]

1. d4 Nf6 2. Nf3 e6 3. c4 b6 4. g3 Ba6 5. Nbd2 Bb4 6. Qc2 Bb7 7. Bg2 c5 8.
a3 Be4 9. Qd1 Bxd2+ 10. Qxd2 cxd4 11. Qxd4 Nc6 12. Qd6 Na5 13. Qb4 Rc8 14.
b3 d5 15. cxd5 Qxd5 16. Bg5 Nxb3 17. Rd1 Qa5 18. Qxa5 Nxa5 19. O-O Nd5 20.
Nd4 Bxg2 21. Kxg2 h6 22. Bd2 Nc4 23. e4 Nf6 24. e5 Nd5 25. Bc1 Ke7 26. Rfe1
Rhd8 27. Rd3 Nxe5 28. Bg5+ hxg5 29. Rxe5 Kf6 30. Re1 Rc4 31. Rf3+ Kg6 32.
Ne2 Rdc8 33. Rd3 Re4 34. Kf1 Ra4 35. Nd4 Rc3 36. Rxc3 Nxc3 37. Nc2 Nd5 38.
h3 Kf6 39. Rd1 Rc4 40. Rd2 Rc3 41. Ke2 Ke5 42. Kd1 Rb3 43. Kc1 a6 44. a4 a5
45. Re2+ Kd6 46. Re4 Rb1+ 47. Kd2 Rd1+ 0-1

[Event "TCh-NED Playoffs 2005-6"]
[Site "Enschede NED"]
[Date "2006.05.13"]
[Round "1"]
[White "Van Wely,L"]
[Black "Bosch,Je"]
[Result "1-0"]
[WhiteElo "2655"]
[BlackElo "2465"]
[EventDate "2006.05.13"]

1. d4 d5 2. c4 dxc4 3. e4 e5 4. Nf3 exd4 5. Bxc4 Nc6 6. O-O Nf6 7. Nbd2 Be7
8. e5 Nd5 9. Nb3 O-O 10. Nbxd4 Nxd4 11. Nxd4 c5 12. Nb5 Be6 13. Qb3 Nc7 14.
Bxe6 Nxe6 15. Be3 Qb6 16. f4 Rfd8 17. Rac1 a6 18. Nd4 Qxb3 19. Nxb3 b6 20.
Kf2 f5 21. Ke2 Kf7 22. g3 Rac8 23. a4 Rd7 24. Rfd1 Rxd1 25. Rxd1 Rc7 26. h3
g6 27. Nd2 b5 28. axb5 axb5 29. Ra1 c4 30. Nf3 c3 31. bxc3 Rxc3 32. Ra7 b4
33. Rb7 Rc2+ 34. Bd2 Ke8 35. h4 Ra2 36. Kd1 Ra1+ 37. Kc2 Ra2+ 38. Kb1 Ra3
39. Rxe7+ 1-0

[Event "TCh-NED Playoffs 2005-6"]
[Site "Enschede NED"]
[Date "2006.05.13"]
[Round "1"]
[White "Cheparinov,I"]
[Black "Rietman,F"]
[Result "1-0"]
[WhiteElo "2635"]
[BlackElo "2175"]
[EventDate "2006.05.13"]

1. e4 c5 2. Nf3 d6 3. d4 cxd4 4. Nxd4 Nf6 5. Nc3 a6 6. Be3 e5 7. Nb3 Be6 8.
Qd2 Nbd7 9. O-O-O b5 10. f4 Ng4 11. f5 Bxb3 12. cxb3 Nxe3 13. Qxe3 Be7 14.
Kb1 Nf6 15. Be2 h5 16. g3 Qb8 17. h3 Qa7 18. Qf3 h4 19. g4 Nd7 20. Qg2 Bg5
21. Rxd6 O-O 22. Rhd1 Nf6 23. Nd5 Rfd8 24. Nxf6+ Bxf6 25. g5 Be7 26. R6d5
Qe3 27. f6 Rxd5 28. exd5 Bc5 29. d6 Rd8 30. g6 1-0

[Event "TCh-NED Playoffs 2005-6"]
[Site "Enschede NED"]
[Date "2006.05.13"]
[Round "1"]
[White "Van der Weide,K"]
[Black "Stellwagen,D"]
[Result "0-1"]
[WhiteElo "2482"]
[BlackElo "2543"]
[EventDate "2006.05.13"]

1. e4 c5 2. Nf3 e6 3. d4 cxd4 4. Nxd4 a6 5. Nc3 Qc7 6. Bd3 Nc6 7. Be3 Nf6
8. Qe2 Bd6 9. O-O-O O-O 10. g4 Be5 11. Nxc6 bxc6 12. g5 Bxc3 13. bxc3 Ne8
14. Rhg1 e5 15. Bc4 Qa5 16. Rg3 Qa3+ 17. Kb1 a5 18. Bc1 Qc5 19. Be3 Qa3 20.
Bc1 Qe7 21. f4 exf4 22. Bxf4 d6 23. Ka1 Be6 24. Rb1 Nc7 25. Rgg1 Bxc4 26.
Qxc4 Ne6 27. Be3 d5 28. exd5 cxd5 29. Qxd5 Qc7 30. c4 Rac8 31. Rb7 Qxh2 32.
Qe4 Rce8 33. Rh1 Nd8 34. Rxh2 Rxe4 35. Rb3 Rxc4 36. Bb6 Ne6 37. Bxa5 Nxg5
38. Kb2 Ne6 39. Bb6 Rfc8 40. a3 g5 41. Rb4 Kg7 42. Rxc4 Rxc4 43. Kb3 Rc6
44. Bg1 f5 45. a4 f4 46. a5 g4 47. c4 g3 48. Ra2 Nc7 49. Kb4 h5 0-1

[Event "TCh-NED Playoffs 2005-6"]
[Site "Enschede NED"]
[Date "2006.05.13"]
[Round "1"]
[White "Nikolic,Pr"]
[Black "Solleveld,Maa"]
[Result "0-1"]
[WhiteElo "2596"]
[BlackElo "2471"]
[EventDate "2006.05.13"]

1. d4 Nf6 2. Nf3 g6 3. g3 Bg7 4. Bg2 O-O 5. O-O d6 6. c4 Nc6 7. Nc3 e5 8.
d5 Ne7 9. c5 Ne8 10. cxd6 Nxd6 11. Be3 h6 12. Rc1 Nef5 13. Bc5 b6 14. Ba3
e4 15. Ne1 Re8 16. Bxd6 Nxd6 17. Nc2 Bd7 18. Nd4 e3 19. Qd3 exf2+ 20. Rxf2
Qg5 21. Rf4 Qe5 22. Nc6 Qe3+ 23. Qxe3 Rxe3 24. Kf2 Rae8 25. Bf3 g5 26. Ra4
b5 27. Rb4 Bxc6 28. dxc6 a5 29. Rb3 Bd4 30. Kg2 a4 31. Rb4 Bc5 32. Rxb5
Nxb5 33. Nxb5 Bb6 34. Nc3 Ba5 35. Nxa4 g4 36. Bxg4 R8e4 37. Kf2 Rxg4 38.
Kxe3 Rxa4 39. a3 Bb6+ 40. Kf3 Kf8 41. e3 Ke7 42. Rc3 Kd6 43. b4 Ke5 44. g4
Ra6 45. h4 Ba7 46. Ke2 Ke4 47. Kd2 f6 48. Rc4+ Kd5 49. Rf4 Rxc6 50. Rf5+
Kc4 51. g5 fxg5 52. hxg5 Re6 53. gxh6 Bxe3+ 0-1

[Event "TCh-NED Playoffs 2005-6"]
[Site "Enschede NED"]
[Date "2006.05.13"]
[Round "1"]
[White "L'Ami,E"]
[Black "Reinderman,D"]
[Result "1/2-1/2"]
[WhiteElo "2565"]
[BlackElo "2493"]
[EventDate "2006.05.13"]

1. d4 f5 2. Nc3 Nf6 3. Bg5 d5 4. Bxf6 exf6 5. e3 Be6 6. Bd3 Nc6 7. Nf3 Bb4
8. O-O O-O 9. Ne2 Qd7 10. Rc1 Na5 11. c3 Be7 12. b3 Bf7 13. c4 dxc4 14.
bxc4 c5 15. d5 b5 16. Qc2 g6 17. cxb5 Bxd5 18. Nf4 Bf7 19. Nd2 Bd6 20. Nc4
Bxf4 21. exf4 Qc7 22. Nxa5 Qxa5 23. Bc4 Rad8 24. Bxf7+ Rxf7 25. Qxc5 Qxa2
26. Rfd1 Qa5 27. g3 Kg7 28. Qc6 Re7 29. Kg2 Rxd1 30. Rxd1 Qc7 31. Qxc7 Rxc7
32. Ra1 Kf7 33. Kf3 Ke6 34. Ra6+ Kd5 35. b6 axb6 36. Rxb6 Rf7 37. Ra6 Kc5
38. h4 Kd5 39. Ke3 Re7+ 40. Kf3 Rf7 41. Rb6 Kc5 42. Re6 Kd5 43. Ra6 h5 44.
Rb6 Rf8 45. Ke3 Re8+ 46. Kd3 Rf8 47. Ra6 Rf7 48. Ra8 Ke6 49. Ra6+ Kd5 50.
Ra8 1/2-1/2

[Event "TCh-NED Playoffs 2005-6"]
[Site "Enschede NED"]
[Date "2006.05.13"]
[Round "1"]
[White "Peng Zhaoqin"]
[Black "Nijboer,F"]
[Result "0-1"]
[WhiteElo "2395"]
[BlackElo "2584"]
[EventDate "2006.05.13"]

1. d4 f5 2. Nf3 Nf6 3. c4 g6 4. e3 Bg7 5. b4 O-O 6. Bb2 d6 7. Nbd2 Kh8 8.
Qc2 c6 9. a4 Be6 10. Be2 Nbd7 11. O-O Bg8 12. b5 Re8 13. Rfd1 e5 14. dxe5
dxe5 15. e4 fxe4 16. Nxe4 Nxe4 17. Qxe4 Qc7 18. bxc6 bxc6 19. Ba3 Rad8 20.
Ng5 Nf6 21. Qe3 e4 22. Bb2 h6 23. Nh3 g5 24. Kh1 Be6 25. Ng1 Qf7 26. Rxd8
Rxd8 27. Rc1 Re8 28. Bd4 a6 29. h3 Qg6 30. Bf1 Qf7 31. Qc3 Kg8 32. Ne2 c5
33. Bxc5 Ng4 34. Qe1 Qc7 35. hxg4 Qxc5 36. Nc3 Bxc3 37. Rxc3 Bxg4 38. Re3
Rd8 39. f3 exf3 40. Re8+ Rxe8 41. Qxe8+ Kg7 42. Qe4 fxg2+ 43. Bxg2 Bc8 44.
a5 g4 45. Qe2 Kf6 46. Qd2 Kg6 47. Bd5 Qe7 48. Kg2 Bf5 49. Qd4 h5 50. Qb6+
Kg5 51. Kf2 h4 52. Qe3+ Qxe3+ 53. Kxe3 Bc8 54. Be4 Kf6 55. Kf4 g3 56. c5
Ke7 57. Bf3 Kd8 58. Bg2 Kc7 59. Bf1 Kc6 0-1

[Event "TCh-NED Playoffs 2005-6"]
[Site "Enschede NED"]
[Date "2006.05.13"]
[Round "1"]
[White "Rogers,I"]
[Black "Gulbas,C"]
[Result "1-0"]
[WhiteElo "2564"]
[BlackElo "2362"]
[EventDate "2006.05.13"]

1. d4 d5 2. c4 c6 3. Nf3 Nf6 4. Nc3 a6 5. c5 Nbd7 6. Bf4 Nh5 7. Bd2 Qc7 8.
e4 dxe4 9. Ng5 Ndf6 10. Bc4 e6 11. Ngxe4 Be7 12. O-O O-O 13. Qf3 b5 14. Bb3
e5 15. dxe5 Qxe5 16. Rfe1 Qc7 17. Nxf6+ Nxf6 18. Bf4 Qa7 19. Rxe7 Qxe7 20.
Bd6 Qe8 21. h3 Bd7 22. Rd1 Ra7 23. Rd4 Qe1+ 24. Kh2 Rc8 25. Ne4 Nd5 26.
Bxd5 cxd5 27. Nf6+ gxf6 28. Rg4+ 1-0

[Event "TCh-NED Playoffs 2005-6"]
[Site "Enschede NED"]
[Date "2006.05.14"]
[Round "2"]
[White "Smeets,J"]
[Black "Sokolov,Iv"]
[Result "0-1"]
[WhiteElo "2535"]
[BlackElo "2676"]
[EventDate "2006.05.13"]

1. e4 e5 2. Nf3 Nc6 3. d4 exd4 4. Nxd4 Bb4+ 5. c3 Bc5 6. Be3 Bb6 7. Qa4 Rb8
8. g3 Nf6 9. Bg2 O-O 10. O-O d6 11. Nxc6 bxc6 12. Bd4 d5 13. e5 Ng4 14. b4
Re8 15. Qxc6 Nxe5 16. Qxd5 Qf6 17. Nd2 Bb7 18. Qb3 Bxg2 19. Kxg2 Bxd4 20.
cxd4 Nc6 21. d5 Nxb4 22. a3 Nc6 23. Qc4 Ne7 24. Qxc7 Nxd5 25. Qxa7 Qc6 26.
Nf3 Rb3 27. Rfe1 Nf6 28. Rxe8+ Nxe8 29. Re1 Qxf3+ 30. Kg1 Nf6 0-1

[Event "TCh-NED Playoffs 2005-6"]
[Site "Enschede NED"]
[Date "2006.05.14"]
[Round "2"]
[White "Nijboer,F"]
[Black "Timman,J"]
[Result "1/2-1/2"]
[WhiteElo "2584"]
[BlackElo "2616"]
[EventDate "2006.05.13"]

1. e4 e6 2. d4 d5 3. Nc3 Bb4 4. e5 c5 5. a3 Bxc3+ 6. bxc3 Ne7 7. Qg4 O-O 8.
Bd3 f5 9. exf6 Rxf6 10. Qh5 h6 11. Nf3 c4 12. Be2 Nbc6 13. g4 Rf7 14. Ne5
Nxe5 15. Qxe5 g5 16. h4 Ng6 17. Qh2 Nxh4 18. f4 Bd7 19. fxg5 hxg5 20. Bxg5
Qxg5 21. Qxh4 Qxh4+ 22. Rxh4 Raf8 23. Kd2 Rh7 24. Rah1 Rxh4 25. Rxh4 Kg7
26. Rh5 1/2-1/2

[Event "TCh-NED Playoffs 2005-6"]
[Site "Enschede NED"]
[Date "2006.05.14"]
[Round "2"]
[White "Adams,Mi"]
[Black "Nikolic,Pr"]
[Result "1/2-1/2"]
[WhiteElo "2720"]
[BlackElo "2596"]
[EventDate "2006.05.13"]

1. e4 e5 2. Nf3 Nc6 3. Bb5 a6 4. Ba4 Nf6 5. O-O Be7 6. Re1 b5 7. Bb3 d6 8.
c3 O-O 9. d4 Bg4 10. d5 Na5 11. Bc2 c6 12. h3 Bxf3 13. Qxf3 cxd5 14. exd5
Nc4 15. Nd2 Nb6 16. Nf1 Nbxd5 17. Ng3 Nc7 18. Nf5 Ne6 19. a4 b4 20. Qb7 Re8
21. Qxb4 Bf8 22. Qh4 g6 23. Nh6+ Kg7 24. a5 Be7 25. Qg3 Nh5 26. Nf5+ Kh8
27. Qf3 Bg5 28. Rd1 Qf6 29. Nxd6 Qxf3 30. gxf3 Bxc1 31. Raxc1 Re7 32. Be4
Rb8 33. b4 Nhf4 34. Kh2 Rc7 35. Bd5 Ne2 36. Bxe6 fxe6 37. Rc2 Nd4 38. Rcc1
Ne2 39. Rc2 Nd4 40. Rcc1 Ne2 41. Rc2 1/2-1/2

[Event "TCh-NED Playoffs 2005-6"]
[Site "Enschede NED"]
[Date "2006.05.14"]
[Round "2"]
[White "Gurevich,M"]
[Black "Ljubojevic,L"]
[Result "1-0"]
[WhiteElo "2643"]
[BlackElo "2565"]
[EventDate "2006.05.13"]

1. d4 Nf6 2. c4 e6 3. Nc3 Bb4 4. Qc2 O-O 5. a3 Bxc3+ 6. Qxc3 b6 7. Bg5 Bb7
8. e3 d6 9. Ne2 Nbd7 10. Qd3 c5 11. Nc3 Ba6 12. d5 h6 13. Bh4 Ne5 14. Qc2
Ng6 15. Bg3 exd5 16. O-O-O d4 17. exd4 Nh5 18. Kb1 Nxg3 19. hxg3 Qg5 20. f4
Qxg3 21. f5 Nf4 22. Ne4 Qe3 23. g3 d5 24. cxd5 Ne2 25. dxc5 bxc5 26. f6
Rfe8 27. Nd6 Re5 28. fxg7 Rb8 29. Ka1 Rb6 30. Nxf7 Re7 31. d6 Rxf7 32. d7
Rb8 33. d8=Q+ Rxd8 34. Rxd8+ Kxg7 35. Bxe2 Bxe2 36. Rd6 Bf3 1-0

[Event "TCh-NED Playoffs 2005-6"]
[Site "Enschede NED"]
[Date "2006.05.14"]
[Round "2"]
[White "Fressinet,L"]
[Black "Rogers,I"]
[Result "1-0"]
[WhiteElo "2633"]
[BlackElo "2564"]
[EventDate "2006.05.13"]

1. e4 c6 2. d4 d5 3. e5 Bf5 4. Nf3 e6 5. Be2 Nd7 6. O-O Bg6 7. Nbd2 Nh6 8.
Nb3 Nf5 9. c3 a6 10. Kh1 Be7 11. Bf4 O-O 12. Qd2 Nh4 13. Nxh4 Bxh4 14. Be3
Be7 15. f4 Rc8 16. Bg4 Nb6 17. Qe2 Nc4 18. Bg1 Qb6 19. f5 exf5 20. Bxf5
Bxf5 21. Rxf5 a5 22. Rb1 Qb5 23. Qf2 f6 24. exf6 Bxf6 25. Nc5 Rf7 26. Qf4
Re8 27. b3 Nb6 28. Rf1 Qe2 29. Qg3 Kh8 30. Nd3 Qxa2 31. Ne5 Rff8 32. Qh3
Kg8 33. Qg4 Kh8 34. Qh5 Kg8 35. Qg4 Kh8 36. R1f3 Qc2 37. Qh5 Nc8 38. Nf7+
Rxf7 39. Qxf7 Rg8 40. Rxf6 gxf6 41. Qxf6+ 1-0

[Event "TCh-NED Playoffs 2005-6"]
[Site "Enschede NED"]
[Date "2006.05.14"]
[Round "2"]
[White "Van den Doel,E"]
[Black "L'Ami,E"]
[Result "1/2-1/2"]
[WhiteElo "2579"]
[BlackElo "2565"]
[EventDate "2006.05.13"]

1. e4 e5 2. Nf3 Nc6 3. Bb5 a6 4. Ba4 Nf6 5. O-O Nxe4 6. d4 b5 7. Bb3 d5 8.
dxe5 Be6 9. Be3 Be7 10. c3 O-O 11. Nbd2 Qd7 12. h3 Rad8 13. Bc2 Nxd2 14.
Qxd2 Bf5 15. Rad1 Qe6 16. Nd4 Nxd4 17. cxd4 f6 18. Bf4 c5 19. exf6 Qxf6 20.
Be5 Qg6 21. Bxf5 Qxf5 22. Qe2 Rfe8 23. f4 cxd4 24. Qd3 Qxd3 25. Rxd3 Bd6
1/2-1/2

[Event "TCh-NED Playoffs 2005-6"]
[Site "Enschede NED"]
[Date "2006.05.14"]
[Round "2"]
[White "Stellwagen,D"]
[Black "Chuchelov,V"]
[Result "1/2-1/2"]
[WhiteElo "2543"]
[BlackElo "2538"]
[EventDate "2006.05.13"]

1. e4 c5 2. Nf3 e6 3. d4 cxd4 4. Nxd4 a6 5. Nc3 Qc7 6. Bd3 Nf6 7. f4 b5 8.
e5 b4 9. Ne4 Nxe4 10. Bxe4 Bb7 11. Qf3 Nc6 12. Nxc6 Bxc6 13. Bxc6 dxc6 14.
Be3 Be7 15. O-O O-O 16. Rac1 Rad8 17. c3 bxc3 18. Rxc3 Rd5 19. Rfc1 Qa5 20.
a3 c5 21. Qf2 Rfd8 22. h3 Rd1+ 23. Rxd1 Rxd1+ 24. Kh2 Rd5 25. b4 cxb4 26.
Rc8+ Bf8 27. Qh4 Rd7 28. Bc5 Qxc5 29. Rxc5 Bxc5 30. axb4 Bxb4 31. f5 Bf8
32. fxe6 fxe6 33. Qg4 Kf7 34. Qf3+ Ke7 35. Qa3+ Kf7 36. Qf3+ Ke7 37. Qa3+
Kf7 38. Qxa6 Rd5 39. Qb7+ Be7 40. Qc7 Rc5 41. Qb8 h5 42. Kg3 Rd5 43. Kf4
Rd4+ 44. Ke3 Rd8 45. Qb7 Rd5 46. Ke4 h4 47. Qb3 g6 48. Qe3 Kg7 49. Qa7 Kf7
50. Qb8 Rd8 51. Qc7 Rh8 52. Qc1 Kg7 53. Qc7 Kf7 54. Kd4 Rd8+ 55. Kc4 Rd2
56. Qb7 Rd5 57. Qb8 Rd8 58. Qa7 Rd5 59. Qf2+ Kg7 60. Qe3 Ra5 61. Qe1 Rd5
62. g3 hxg3 63. Qxg3 Ra5 64. Qe1 Rc5+ 65. Kb3 Rb5+ 66. Ka4 Rd5 67. Qg3 g5
68. h4 Rd4+ 69. Kb5 Rxh4 70. Kc6 Kf7 71. Qf3+ Ke8 72. Qd3 Rh6 73. Kc7 Kf7
74. Kd7 Bf8 75. Qf3+ Kg8 76. Qg4 Rg6 77. Ke8 Bh6 78. Qf3 Rg7 79. Qf6 Kh7
80. Qxe6 1/2-1/2

[Event "TCh-NED Playoffs 2005-6"]
[Site "Enschede NED"]
[Date "2006.05.14"]
[Round "2"]
[White "Visser,Y"]
[Black "Van Harreveld,F"]
[Result "1-0"]
[WhiteElo "2480"]
[BlackElo "2262"]
[EventDate "2006.05.13"]

1. e4 d5 2. exd5 Nf6 3. Nf3 Qxd5 4. Be2 Bg4 5. h3 Bh5 6. d4 c6 7. O-O e6 8.
c4 Qd8 9. Nc3 Be7 10. Be3 O-O 11. g4 Bg6 12. Ne5 Nfd7 13. Nxg6 hxg6 14. f4
Na6 15. a3 Nf6 16. Bf3 Qd7 17. b4 Nc7 18. g5 Nfe8 19. c5 Rd8 20. a4 Qc8 21.
Qb3 Nd5 22. Nxd5 Rxd5 23. Bxd5 exd5 24. Kg2 f6 25. Qd3 Kf7 26. Rf3 Nc7 27.
Bd2 Qf5 28. Qxf5 gxf5 29. h4 Ne6 30. Re1 Bd8 31. g6+ 1-0

[Event "TCh-NED Playoffs 2005-6"]
[Site "Enschede NED"]
[Date "2006.05.14"]
[Round "2"]
[White "Janssen,Ru"]
[Black "Movsesian,S"]
[Result "0-1"]
[WhiteElo "2499"]
[BlackElo "2618"]
[EventDate "2006.05.13"]

1. d4 Nf6 2. c4 e6 3. Nf3 d5 4. Nc3 Bb4 5. cxd5 exd5 6. Bg5 h6 7. Bh4 O-O
8. e3 c5 9. Rc1 c4 10. Nd2 Be6 11. Be2 Nbd7 12. O-O Qa5 13. g4 Nh7 14. f4
f5 15. h3 Rae8 16. Kh2 Kh8 17. Qc2 Qc7 18. Bg3 Qc8 19. Nf3 Be7 20. Ne5 Nxe5
21. dxe5 Bc5 22. Rcd1 Rd8 23. Bf3 fxg4 24. Bxd5 gxh3 25. Be4 Rxd1 26. Rxd1
Bxe3 27. Bxh7 Bxf4 28. Rg1 Bxg3+ 29. Rxg3 Qc5 30. Ne4 Qxe5 31. Bg6 Qd4 32.
Qe2 b5 33. Rf3 Rxf3 34. Qxf3 Qxb2+ 35. Kg3 Qe5+ 36. Kf2 Qb8 37. Kg1 b4 38.
Kh1 c3 39. Nc5 Bxa2 40. Nd7 Qd6 0-1

[Event "TCh-NED Playoffs 2005-6"]
[Site "Enschede NED"]
[Date "2006.05.14"]
[Round "2"]
[White "Bosch,Je"]
[Black "Werle,J"]
[Result "1/2-1/2"]
[WhiteElo "2465"]
[BlackElo "2529"]
[EventDate "2006.05.13"]

1. d4 Nf6 2. c4 e6 3. Nc3 Bb4 4. e3 O-O 5. Nge2 d5 6. a3 Be7 7. cxd5 exd5
8. Nf4 Re8 9. Bd3 c6 10. O-O a5 11. Qc2 Na6 12. Rb1 Bd6 13. h3 h6 14. Bd2
Bd7 15. Rbd1 Nc7 16. Bc1 Ne6 17. Nfe2 Ng5 18. f3 Rc8 19. Kh1 c5 20. dxc5
Bxc5 21. Nd4 Ba7 22. Qf2 Bb8 23. e4 Qc7 24. e5 Qxe5 25. f4 Qc7 26. Ndb5
Bxb5 27. Bxb5 Red8 28. Be3 Nge4 29. Nxe4 Nxe4 30. Qf3 Qc2 31. Bd4 Bd6 32.
Bd3 Qc6 33. Rfe1 Re8 34. Qg4 Bf8 35. Kh2 g6 36. f5 h5 37. Qf3 Bd6+ 38. Kh1
Be5 39. Bxe4 dxe4 40. Qxe4 Qxe4 41. Rxe4 Bg3 1/2-1/2

[Event "TCh-NED Playoffs 2005-6"]
[Site "Enschede NED"]
[Date "2006.05.14"]
[Round "2"]
[White "Solleveld,Maa"]
[Black "Brandenburg,D"]
[Result "1/2-1/2"]
[WhiteElo "2471"]
[BlackElo "2376"]
[EventDate "2006.05.13"]

1. e4 c5 2. Nf3 d6 3. d4 cxd4 4. Nxd4 Nf6 5. Nc3 Nc6 6. Bg5 e6 7. Qd2 a6 8.
O-O-O Bd7 9. f4 b5 10. Bxf6 gxf6 11. Kb1 Qb6 12. Nxc6 Bxc6 13. f5 h5 14.
fxe6 fxe6 15. Qf4 Qc5 16. Qxf6 Rh6 17. Qf4 Ra7 18. Bd3 Rf7 19. Qh4 b4 20.
Ne2 Bg7 21. Rhf1 Qe5 22. c3 bxc3 23. Nxc3 Rb7 24. Rc1 Qd4 25. Qg3 h4 26.
Qf3 Rf6 27. Qh5+ Ke7 28. Rfd1 Rf2 29. b3 Rxg2 30. Qxh4+ Qf6 31. Qh3 Rf2 32.
Rg1 Kd8 33. Qg3 Rf3 34. Qxd6+ Rd7 35. Qxc6 Rfxd3 36. Rg3 Rxg3 37. hxg3 Qe5
38. Qxa6 Qxg3 39. Ne2 Qe5 40. Qc8+ Ke7 41. Qc5+ Qxc5 42. Rxc5 Rd2 43. Rc7+
Kf6 44. Nf4 Bh6 45. Nxe6 Kxe6 46. Rc6+ Rd6 47. Rxd6+ Kxd6 48. Kc2 Kc5 49.
Kd3 Bf4 50. a3 Bc1 51. a4 Bf4 52. a5 Kb5 53. b4 Bd6 54. Kd4 1/2-1/2

[Event "TCh-NED Playoffs 2005-6"]
[Site "Enschede NED"]
[Date "2006.05.14"]
[Round "2"]
[White "Reinderman,D"]
[Black "Landa,K"]
[Result "1/2-1/2"]
[WhiteElo "2493"]
[BlackElo "2600"]
[EventDate "2006.05.13"]

1. c4 e5 2. Nc3 Bb4 3. Nd5 Bc5 4. e3 Nf6 5. d4 Nxd5 6. cxd5 exd4 7. exd4
Bb4+ 8. Bd2 Bxd2+ 9. Qxd2 O-O 10. Bc4 d6 11. Ne2 Nd7 12. O-O Nf6 13. Rac1
Bd7 14. Nc3 Re8 15. Rfe1 Rxe1+ 16. Rxe1 Qf8 17. h3 1/2-1/2